[Event "XVII Open Internacional Villa de Ibi"]
[Site "Ibi, Spain"]
[Date "2019.09.08"]
[Round "5.1"]
[White "Ibanez Aullana, Ramon"]
[Black "Cruz Lledo, Pablo"]
[Result "0-1"]
[WhiteElo "2328"]
[BlackElo "2452"]
[PlyCount "102"]
[EventDate "2019.??.??"]

1. c4 {[%clk 00:09:20]  [%emt 00:05:44]} 1... c6 {
[%clk 00:15:03]  [%emt 00:00:31]} 2. e3 {[%clk 00:09:18]} 2... d5 {
[%clk 00:14:56]} 3. Nf3 {[%clk 00:09:18]} 3... Nf6 {[%clk 00:14:53]} 4. b3 {
[%clk 00:09:19]} 4... Bg4 {[%clk 00:14:52]} 5. Bb2 {[%clk 00:09:20]} 5... Nbd7
{[%clk 00:14:47]  [%emt 00:00:13]} 6. h3 {[%clk 00:09:17]  [%emt 00:00:04]}
6... Bh5 {[%clk 00:14:48]} 7. g4 {[%clk 00:08:39]  [%emt 00:01:11]} 7... Bg6 {
[%clk 00:14:49]} 8. g5 {[%clk 00:08:40]} 8... Ne4 {[%clk 00:14:45]} 9. cxd5 {
[%clk 00:07:53]  [%emt 00:00:17]} 9... cxd5 {[%clk 00:14:43]  [%emt 00:00:26]}
10. Ne5 {[%clk 00:07:03]  [%emt 00:00:29]} 10... Nxe5 {
[%clk 00:14:10]  [%emt 00:00:38]} 11. Bxe5 {[%clk 00:07:03]  [%emt 00:00:21]}
11... f6 {[%clk 00:14:11]} 12. Bb5+ {[%clk 00:06:27]  [%emt 00:00:26]} 12...
Kf7 {[%clk 00:14:11]} 13. gxf6 {[%clk 00:06:28]} 13... gxf6 {
[%clk 00:14:02]  [%emt 00:00:06]} 14. Bb2 {[%clk 00:06:29]  [%emt 00:00:04]}
14... e6 {[%clk 00:13:21]  [%emt 00:00:37]} 15. Be2 {
[%clk 00:06:19]  [%emt 00:00:23]} 15... Bd6 {[%clk 00:12:12]  [%emt 00:01:02]}
16. h4 {[%clk 00:06:12]  [%emt 00:00:09]} 16... Be5 {
[%clk 00:11:31]  [%emt 00:00:58]} 17. d4 {[%clk 00:04:57]  [%emt 00:01:03]}
17... Bd6 {[%clk 00:11:31]  [%emt 00:00:11]} 18. h5 {[%clk 00:04:55]} 18...
Bb4+ {[%clk 00:11:26]  [%emt 00:00:04]} 19. Kf1 {[%clk 00:04:55]} 19... Bf5 {
[%clk 00:11:24]  [%emt 00:00:13]} 20. a3 {[%clk 00:04:40]  [%emt 00:00:04]}
20... Bd6 {[%clk 00:11:11]  [%emt 00:00:23]} 21. h6 {
[%clk 00:04:24]  [%emt 00:00:11]} 21... Rg8 {[%clk 00:10:54]  [%emt 00:00:18]}
22. Bh5+ {[%clk 00:04:19]  [%emt 00:00:23]} 22... Ke7 {
[%clk 00:10:49]  [%emt 00:00:06]} 23. Nc3 {[%clk 00:03:56]  [%emt 00:00:10]}
23... Rc8 {[%clk 00:10:42]  [%emt 00:00:13]} 24. Rc1 {
[%clk 00:03:10]  [%emt 00:00:45]} 24... Nxc3 {[%clk 00:09:54]  [%emt 00:00:51]}
25. Rxc3 {[%clk 00:03:09]  [%emt 00:00:16]} 25... Rxc3 {
[%clk 00:09:00]  [%emt 00:00:41]} 26. Bxc3 {[%clk 00:03:10]  [%emt 00:00:40]}
26... Qc7 {[%clk 00:09:01]} 27. Qd2 {[%clk 00:02:50]} 27... Rc8 {
[%clk 00:08:46]  [%emt 00:00:09]} 28. Bb4 {[%clk 00:02:19]  [%emt 00:00:41]}
28... Qc1+ {[%clk 00:08:31]  [%emt 00:00:08]} 29. Qxc1 {
[%clk 00:01:09]  [%emt 00:01:05]} 29... Rxc1+ {[%clk 00:08:31]  [%emt 00:00:09]
} 30. Kg2 {[%clk 00:01:10]} 30... Rc2 {[%clk 00:08:20]  [%emt 00:00:15]} 31.
Ra1 {[%clk 00:00:44]  [%emt 00:00:20]} 31... Bxb4 {
[%clk 00:07:14]  [%emt 00:01:08]} 32. axb4 {[%clk 00:00:44]  [%emt 00:00:22]}
32... a6 {[%clk 00:07:16]} 33. b5 {[%clk 00:00:27]  [%emt 00:00:05]} 33... axb5
{[%clk 00:06:56]  [%emt 00:00:21]} 34. Ra7 {[%clk 00:00:29]} 34... Rc7 {
[%clk 00:06:56]} 35. Be2 {[%clk 00:00:29]} 35... e5 {
[%clk 00:06:50]  [%emt 00:00:31]} 36. Bxb5 {[%clk 00:00:29]  [%emt 00:00:08]}
36... Kd6 {[%clk 00:06:46]} 37. Be2 {[%clk 00:00:20]} 37... Be4+ {
[%clk 00:05:50]  [%emt 00:01:04]} 38. f3 {[%clk 00:00:20]} 38... Bf5 {
[%clk 00:04:53]  [%emt 00:00:44]} 39. Kf2 {[%clk 00:00:19]  [%emt 00:00:03]}
39... e4 {[%clk 00:04:42]  [%emt 00:00:15]} 40. fxe4 {
[%clk 00:00:13]  [%emt 00:00:20]} 40... Bxe4 {[%clk 00:04:38]} 41. b4 {
[%clk 00:00:12]} 41... Ke6 {[%clk 00:04:24]  [%emt 00:00:37]} 42. b5 {
[%clk 00:00:13]} 42... f5 {[%clk 00:03:25]  [%emt 00:00:44]} 43. b6 {
[%clk 00:00:14]} 43... Rc2 {[%clk 00:03:06]  [%emt 00:00:21]} 44. Ke1 {
[%clk 00:00:16]} 44... f4 {[%clk 00:02:56]  [%emt 00:00:05]} 45. exf4 {
[%clk 00:00:12]  [%emt 00:00:05]} 45... Kf5 {[%clk 00:02:57]} 46. Rxb7 {
[%clk 00:00:10]  [%emt 00:00:30]} 46... Kxf4 {[%clk 00:02:58]} 47. Rc7 {
[%clk 00:00:08]} 47... Rb2 {[%clk 00:02:44]} 48. b7 {[%clk 00:00:09]} 48... Ke3
{[%clk 00:02:43]} 49. Bd1 {[%clk 00:00:05]  [%emt 00:00:15]} 49... Kxd4 {
[%clk 00:02:36]  [%emt 00:00:12]} 50. Re7 {[%clk 00:00:03]} 50... Ke3 {
[%clk 00:02:29]  [%emt 00:00:04]} 51. Bg4 {[%clk 00:00:03]} 51... d4 {
[%emt 00:00:29]} 0-1

[Event "XVII Open Internacional Villa de Ibi"]
[Site "Ibi, Spain"]
[Date "2019.09.08"]
[Round "5.2"]
[White "Giaccio, Alfredo"]
[Black "Granero Roca, Antonio"]
[Result "1/2-1/2"]
[WhiteElo "2420"]
[BlackElo "2354"]
[PlyCount "31"]
[EventDate "2019.??.??"]

1. c4 {[%clk 00:15:01]} 1... c5 {[%clk 00:14:58]} 2. Nc3 {[%clk 00:14:57]} 2...
Nf6 {[%clk 00:14:55]  [%emt 00:00:09]} 3. Nf3 {[%clk 00:14:50]  [%emt 00:00:08]
} 3... d6 {[%clk 00:14:47]  [%emt 00:00:07]} 4. g3 {
[%clk 00:14:36]  [%emt 00:00:16]} 4... Nc6 {[%clk 00:14:43]  [%emt 00:00:06]}
5. Bg2 {[%clk 00:14:28]  [%emt 00:00:09]} 5... e5 {
[%clk 00:14:31]  [%emt 00:00:11]} 6. O-O {[%clk 00:14:13]  [%emt 00:00:32]}
6... Be7 {[%clk 00:14:29]} 7. e3 {[%clk 00:13:57]  [%emt 00:00:10]} 7... O-O {
[%clk 00:14:21]  [%emt 00:00:09]} 8. d4 {[%clk 00:13:52]  [%emt 00:00:08]} 8...
Bg4 {[%clk 00:14:14]  [%emt 00:00:08]} 9. dxc5 {
[%clk 00:13:02]  [%emt 00:01:15]} 9... dxc5 {[%clk 00:14:12]} 10. h3 {
[%clk 00:12:49]  [%emt 00:00:10]} 10... Be6 {[%clk 00:14:01]} 11. b3 {
[%clk 00:12:43]  [%emt 00:00:09]} 11... h6 {[%clk 00:13:53]  [%emt 00:00:13]}
12. Bb2 {[%clk 00:12:28]  [%emt 00:00:11]} 12... Qxd1 {
[%clk 00:13:45]  [%emt 00:00:21]} 13. Rfxd1 {[%clk 00:12:24]} 13... Rfd8 {
[%clk 00:13:44]  [%emt 00:00:03]} 14. Kf1 {[%clk 00:11:52]  [%emt 00:00:29]}
14... Rxd1+ {[%clk 00:13:14]  [%emt 00:00:32]} 15. Rxd1 {
[%clk 00:11:47]  [%emt 00:00:10]} 15... Rd8 {[%clk 00:13:15]  [%emt 00:00:03]}
16. Rxd8+ {[%clk 00:10:35]  [%emt 00:01:08]} 1/2-1/2

[Event "XVII Open Internacional Villa de Ibi"]
[Site "Ibi, Spain"]
[Date "2019.09.08"]
[Round "5.3"]
[White "Carbonell Sancho, Marc"]
[Black "Galiana Fernandez, Adrian"]
[Result "1-0"]
[WhiteElo "2182"]
[BlackElo "2273"]
[PlyCount "55"]
[EventDate "2019.??.??"]

1. e4 e5 2. Nf3 Nc6 3. Bc4 Bc5 4. c3 Nf6 5. d4 exd4 6. cxd4 Bb4+ 7. Nc3 Nxe4 8.
O-O Bxc3 9. d5 Ne5 10. Qe2 O-O 11. bxc3 Nxc4 12. Qxe4 Nd6 13. Qd3 b6 14. Bg5 f6
15. Bf4 a5 16. c4 Ba6 17. Bxd6 cxd6 18. Nd4 Rc8 19. Rac1 Rc5 20. Nf5 g6 21.
Nxd6 f5 22. Nb5 Qf6 23. Rfe1 Rfc8 24. Qe3 Kg7 25. Na3 Bxc4 26. Nxc4 Rxc4 27.
Rxc4 Rxc4 {[%clk 00:15:02]} 28. Qe8 1-0

[Event "XVII Open Internacional Villa de Ibi"]
[Site "Ibi, Spain"]
[Date "2019.09.08"]
[Round "5.4"]
[White "Diaz Velandia, Jose Manuel"]
[Black "Valmana Canto, Jaime"]
[Result "0-1"]
[WhiteElo "2372"]
[BlackElo "2416"]
[PlyCount "80"]
[EventDate "2019.??.??"]

1. d4 {[%clk 00:15:01]} 1... Nf6 {[%clk 00:15:02]} 2. Nf3 {[%clk 00:15:02]}
2... d6 {[%clk 00:15:00]} 3. e3 {[%clk 00:15:01]} 3... Nbd7 {[%clk 00:14:38]}
4. Bd3 {[%clk 00:14:55]} 4... g6 {[%clk 00:14:29]} 5. O-O {[%clk 00:14:54]}
5... Bg7 {[%clk 00:14:28]} 6. Nbd2 {[%clk 00:14:54]} 6... O-O {[%clk 00:14:27]}
7. c3 {[%clk 00:14:54]} 7... b6 {[%clk 00:13:58]} 8. e4 {[%clk 00:14:53]} 8...
e5 {[%clk 00:13:58]} 9. Re1 {[%clk 00:14:53]} 9... Bb7 {[%clk 00:13:58]} 10.
Nf1 {[%clk 00:14:50]  [%emt 00:00:11]} 10... Re8 {[%emt 00:02:14]} 11. Ng3 d5 {
[%clk 00:10:54]} 12. dxe5 {[%clk 00:14:47]  [%emt 00:00:04]} 12... Nxe5 {
[%clk 00:10:54]} 13. Nxe5 {[%clk 00:14:47]} 13... dxe4 {[%clk 00:10:42]} 14.
Nxf7 {[%clk 00:11:56]  [%emt 00:02:45]} 14... Qxd3 {
[%clk 00:10:38]  [%emt 00:00:09]} 15. Nh6+ {[%clk 00:11:51]  [%emt 00:00:13]}
15... Kf8 {[%clk 00:09:39]  [%emt 00:00:54]} 16. Qb3 {
[%clk 00:11:14]  [%emt 00:00:37]} 16... Qd5 {[%clk 00:08:32]  [%emt 00:01:12]}
17. Be3 {[%clk 00:05:52]  [%emt 00:05:24]} 17... Qxb3 {
[%clk 00:07:21]  [%emt 00:01:10]} 18. axb3 {[%clk 00:05:52]  [%emt 00:00:30]}
18... Nd5 {[%clk 00:07:20]} 19. Bg5 {[%clk 00:05:53]} 19... Nf6 {
[%clk 00:05:24]  [%emt 00:01:39]} 20. h4 {[%clk 00:05:20]  [%emt 00:01:01]}
20... a5 {[%clk 00:05:16]  [%emt 00:00:04]} 21. Ra4 {[%clk 00:05:20]} 21... Bd5
{[%clk 00:04:48]  [%emt 00:00:07]} 22. Rd4 {[%clk 00:03:25]  [%emt 00:01:59]}
22... Bxb3 {[%clk 00:03:55]  [%emt 00:00:54]} 23. Bxf6 {
[%clk 00:03:06]  [%emt 00:00:20]} 23... Bxf6 {[%clk 00:03:52]  [%emt 00:00:05]}
24. Rd7 {[%clk 00:02:58]  [%emt 00:00:34]} 24... Bg7 {
[%clk 00:03:09]  [%emt 00:00:23]} 25. h5 {[%clk 00:01:39]  [%emt 00:01:19]}
25... e3 {[%clk 00:02:17]  [%emt 00:00:57]} 26. hxg6 {
[%clk 00:00:09]  [%emt 00:01:30]} 26... hxg6 {[%clk 00:02:17]  [%emt 00:00:04]}
27. Ng4 {[%clk 00:00:04]  [%emt 00:00:12]} 27... Be6 {[%clk 00:02:14]} 28. Rxg7
{[%clk 00:00:04]  [%emt 00:00:22]} 28... Kxg7 {[%clk 00:02:12]} 29. Nxe3 {
[%clk 00:00:04]} 29... Rad8 {[%clk 00:02:05]} 30. Kh2 {[%clk 00:00:03]} 30...
Rd2 {[%clk 00:02:00]  [%emt 00:00:07]} 31. Ne4 {
[%clk 00:00:03]  [%emt 00:00:03]} 31... Rxb2 {[%clk 00:01:53]  [%emt 00:00:07]}
32. Kg3 {[%clk 00:00:04]} 32... Bf5 {[%clk 00:01:48]  [%emt 00:00:06]} 33. Ng5
{[%clk 00:00:05]  [%emt 00:00:08]} 33... Bc8 {[%clk 00:00:53]  [%emt 00:00:48]}
34. Rh1 {[%clk 00:00:05]  [%emt 00:00:11]} 34... Rh8 {[%clk 00:00:54]} 35. Rd1
{[%clk 00:00:06]} 35... a4 {[%clk 00:00:49]} 36. Nc4 {
[%clk 00:00:06]  [%emt 00:00:10]} 36... Rb3 {[%clk 00:00:45]  [%emt 00:00:03]}
37. Ne5 {[%clk 00:00:04]  [%emt 00:00:04]} 37... Rxc3+ {
[%clk 00:00:42]  [%emt 00:00:04]} 38. Kf4 {[%clk 00:00:05]} 38... Rf8+ {
[%clk 00:00:42]  [%emt 00:00:04]} 39. Ke4 {[%clk 00:00:06]} 39... Bf5+ {
[%clk 00:00:38]  [%emt 00:00:04]} 40. Kd4 {[%clk 00:00:04]  [%emt 00:00:06]}
40... Rc5 {[%clk 00:00:30]  [%emt 00:00:06]  Bandera} 0-1

[Event "XVII Open Internacional Villa de Ibi"]
[Site "Ibi, Spain"]
[Date "2019.09.08"]
[Round "5.5"]
[White "Plaskett, H James"]
[Black "Garcia Gimenez, Santiago"]
[Result "1-0"]
[WhiteElo "2415"]
[BlackElo "2101"]
[PlyCount "41"]
[EventDate "2019.??.??"]

1. e4 {[%clk 00:14:58]  [%emt 00:00:42]} 1... e5 {[%clk 00:15:03]} 2. Nc3 {
[%clk 00:14:57]} 2... Nf6 {[%clk 00:15:03]} 3. g3 {[%clk 00:14:40]} 3... Bc5 {
[%clk 00:14:56]  [%emt 00:00:15]} 4. Bg2 {[%clk 00:14:40]} 4... a6 {
[%clk 00:14:49]} 5. d3 {[%clk 00:14:30]  [%emt 00:00:06]} 5... d6 {
[%clk 00:13:50]  [%emt 00:01:05]} 6. h3 {[%clk 00:14:09]  [%emt 00:00:18]} 6...
Nc6 {[%clk 00:13:46]  [%emt 00:00:05]} 7. Be3 {[%clk 00:14:05]  [%emt 00:00:18]
} 7... Be6 {[%clk 00:13:22]  [%emt 00:00:19]} 8. Qd2 {
[%clk 00:13:43]  [%emt 00:00:40]} 8... h6 {[%clk 00:12:31]  [%emt 00:01:01]} 9.
Nge2 {[%clk 00:13:15]  [%emt 00:00:05]} 9... Nd4 {
[%clk 00:11:19]  [%emt 00:01:11]} 10. Nd5 {[%clk 00:09:50]  [%emt 00:03:28]}
10... c6 {[%clk 00:09:50]  [%emt 00:01:36]} 11. Nxf6+ {
[%clk 00:09:48]  [%emt 00:00:04]} 11... Qxf6 {[%clk 00:09:49]} 12. Bxd4 {
[%clk 00:09:48]  [%emt 00:00:04]} 12... exd4 {[%clk 00:09:45]  [%emt 00:00:04]}
13. f4 {[%clk 00:09:43]  [%emt 00:00:05]} 13... g5 {
[%clk 00:08:22]  [%emt 00:01:25]} 14. Rf1 {[%clk 00:07:07]  [%emt 00:03:04]}
14... O-O-O {[%clk 00:07:37]  [%emt 00:00:23]} 15. O-O-O {
[%clk 00:06:36]  [%emt 00:00:41]} 15... Bxa2 {[%clk 00:07:12]  [%emt 00:00:15]}
16. f5 {[%clk 00:06:06]  [%emt 00:00:37]} 16... Qe5 {
[%clk 00:05:28]  [%emt 00:01:41]} 17. Qa5 {[%clk 00:05:56]  [%emt 00:00:20]}
17... Bd5 {[%clk 00:05:16]  [%emt 00:00:06]} 18. Bf3 {
[%clk 00:05:52]  [%emt 00:00:06]} 18... h5 {[%clk 00:04:20]  [%emt 00:00:58]}
19. exd5 {[%clk 00:04:34]  [%emt 00:01:24]} 19... cxd5 {
[%clk 00:03:46]  [%emt 00:00:44]} 20. b4 {[%clk 00:04:17]  [%emt 00:00:07]}
20... Ba7 {[%clk 00:02:47]  [%emt 00:01:07]} 21. Qxd5 {[%clk 00:04:14]} 1-0

[Event "XVII Open Internacional Villa de Ibi"]
[Site "Ibi, Spain"]
[Date "2019.09.08"]
[Round "5.6"]
[White "Rubio Tent, Francisco"]
[Black "Sanchez Carayol, Jesus Carlos"]
[Result "1-0"]
[WhiteElo "2346"]
[BlackElo "2093"]
[PlyCount "99"]
[EventDate "2019.??.??"]

1. e4 {[%clk 00:15:02]} 1... e5 {[%clk 00:15:03]  [%emt 00:00:04]} 2. Nf3 {
[%clk 00:15:01]} 2... Nc6 {[%clk 00:15:03]  [%emt 00:00:17]} 3. Bb5 {
[%clk 00:15:01]} 3... a6 {[%clk 00:15:04]} 4. Ba4 {[%clk 00:15:02]} 4... Nf6 {
[%clk 00:15:04]} 5. d3 {[%clk 00:15:03]} 5... b5 {
[%clk 00:14:56]  [%emt 00:00:19]} 6. Bb3 {[%clk 00:15:04]} 6... Be7 {
[%clk 00:14:08]  [%emt 00:00:35]} 7. O-O {[%clk 00:14:44]  [%emt 00:00:18]}
7... d6 {[%clk 00:14:06]  [%emt 00:00:22]} 8. c3 {[%clk 00:14:45]} 8... O-O {
[%clk 00:14:02]} 9. Re1 {[%clk 00:14:44]} 9... h6 {
[%clk 00:13:57]  [%emt 00:00:16]} 10. Nbd2 {[%clk 00:14:42]  [%emt 00:00:05]}
10... Re8 {[%clk 00:13:53]} 11. Nf1 {[%clk 00:14:38]} 11... Bf8 {
[%clk 00:13:51]} 12. Ng3 {[%clk 00:14:08]  [%emt 00:00:29]} 12... g6 {
[%clk 00:13:51]  [%emt 00:00:45]} 13. a4 {[%clk 00:13:42]} 13... Be6 {
[%clk 00:12:48]  [%emt 00:01:26]} 14. h3 {[%clk 00:13:18]} 14... Bg7 {
[%clk 00:12:44]  [%emt 00:00:18]} 15. d4 {[%clk 00:11:56]  [%emt 00:01:03]}
15... Bxb3 {[%clk 00:10:41]  [%emt 00:02:04]} 16. Qxb3 {
[%clk 00:11:53]  [%emt 00:00:45]} 16... Qb8 {[%clk 00:10:27]} 17. d5 {
[%clk 00:09:34]  [%emt 00:02:10]} 17... Ne7 {[%clk 00:08:32]  [%emt 00:01:45]}
18. Be3 {[%clk 00:09:05]  [%emt 00:00:36]} 18... bxa4 {[%emt 00:02:28]} 19. Qc4
{[%clk 00:07:06]} 19... Rc8 {[%clk 00:06:44]  [%emt 00:01:44]} 20. Rxa4 {
[%clk 00:06:49]  [%emt 00:00:03]} 20... Qxb2 {[%clk 00:05:44]  [%emt 00:00:53]}
21. Rb4 {[%clk 00:06:00]  [%emt 00:00:56]} 21... Qa3 {
[%clk 00:05:22]  [%emt 00:00:30]} 22. Reb1 {[%clk 00:04:59]  [%emt 00:01:27]}
22... c6 {[%clk 00:05:15]} 23. Ra4 {[%clk 00:04:47]} 23... Qxa4 {
[%clk 00:04:32]  [%emt 00:00:33]} 24. Qxa4 {[%clk 00:04:45]  [%emt 00:00:04]}
24... cxd5 {[%clk 00:04:32]  [%emt 00:00:10]} 25. Rb7 {
[%clk 00:04:21]  [%emt 00:00:19]} 25... Nc6 {[%clk 00:03:45]  [%emt 00:01:00]}
26. exd5 {[%clk 00:03:46]  [%emt 00:00:24]} 26... Nxd5 {
[%clk 00:03:46]  [%emt 00:00:09]} 27. Qb3 {[%clk 00:03:46]} 27... Nde7 {
[%clk 00:03:23]  [%emt 00:00:44]} 28. Qa3 {[%clk 00:03:30]  [%emt 00:00:04]}
28... Nd5 {[%clk 00:02:11]  [%emt 00:01:24]} 29. Qxd6 {
[%clk 00:03:11]  [%emt 00:00:09]} 29... Nxc3 {[%clk 00:02:03]  [%emt 00:00:08]}
30. Qd2 {[%clk 00:02:41]  [%emt 00:00:26]} 30... Nd8 {
[%clk 00:01:47]  [%emt 00:00:20]} 31. Rb3 {[%clk 00:02:28]  [%emt 00:00:45]}
31... Nb5 {[%clk 00:01:10]  [%emt 00:00:08]} 32. Bxh6 {
[%clk 00:02:22]  [%emt 00:00:14]} 32... Bf6 {[%clk 00:00:53]  [%emt 00:00:44]}
33. Ne4 {[%clk 00:02:13]} 33... Bh8 {[%clk 00:00:41]} 34. Qb4 {
[%clk 00:01:36]  [%emt 00:00:32]} 34... Ne6 {[%clk 00:00:31]  [%emt 00:00:15]}
35. Neg5 {[%clk 00:01:07]  [%emt 00:00:28]} 35... Nbd4 {
[%clk 00:00:28]  [%emt 00:00:25]} 36. Nxe6 {[%clk 00:00:45]  [%emt 00:00:05]}
36... Nxe6 {[%clk 00:00:25]  [%emt 00:00:17]} 37. Rb1 {
[%clk 00:00:27]  [%emt 00:00:15]} 37... a5 {[%clk 00:00:26]} 38. Qe4 {
[%clk 00:00:26]} 38... Nc5 {[%clk 00:00:26]  [%emt 00:00:07]} 39. Qd5 {
[%clk 00:00:22]} 39... a4 {[%clk 00:00:22]  [%emt 00:00:05]} 40. Nxe5 {
[%clk 00:00:19]  [%emt 00:00:16]} 40... Ra7 {[%clk 00:00:18]} 41. Nc6 {
[%clk 00:00:17]  [%emt 00:00:11]} 41... Rac7 {[%clk 00:00:17]} 42. Qxc5 {
[%clk 00:00:16]} 42... Rxc6 {[%clk 00:00:18]} 43. Qa3 {[%clk 00:00:13]} 43...
Rc4 {[%clk 00:00:18]  [%emt 00:00:04]} 44. Be3 {
[%clk 00:00:09]  [%emt 00:00:23]} 44... Be5 {[%clk 00:00:20]} 45. g3 {
[%clk 00:00:09]} 45... Bg7 {[%clk 00:00:19]} 46. Kg2 {[%clk 00:00:09]} 46...
Bf8 {[%clk 00:00:20]} 47. Qa2 {[%clk 00:00:07]} 47... a3 {[%clk 00:00:21]} 48.
Rb7 {[%clk 00:00:08]  [%emt 00:00:03]} 48... Bb4 {[%clk 00:00:16]} 49. Bc1 {
[%clk 00:00:08]} 49... Ra8 {[%clk 00:00:14]  [%emt 00:00:12]} 50. Qxc4 {
[%clk 00:00:08]} 1-0

[Event "XVII Open Internacional Villa de Ibi"]
[Site "Ibi, Spain"]
[Date "2019.09.08"]
[Round "5.7"]
[White "Pedros Viudes, Enrique"]
[Black "Camarena Jimenez, Rufino"]
[Result "1/2-1/2"]
[WhiteElo "2113"]
[BlackElo "2328"]
[PlyCount "125"]
[EventDate "2019.??.??"]

1. d4 {[%clk 00:15:01]} 1... Nf6 {[%clk 00:15:01]} 2. Nc3 {
[%clk 00:15:02]  [%emt 00:00:06]} 2... d5 {[%clk 00:15:01]} 3. Bf4 {
[%clk 00:15:03]} 3... a6 {[%clk 00:14:30]  [%emt 00:00:29]} 4. e3 {
[%clk 00:15:01]  [%emt 00:00:07]} 4... c5 {[%clk 00:14:23]  [%emt 00:00:06]} 5.
Nf3 {[%clk 00:14:51]  [%emt 00:00:11]} 5... cxd4 {
[%clk 00:14:16]  [%emt 00:00:12]} 6. exd4 {[%clk 00:14:49]  [%emt 00:00:16]}
6... Bg4 {[%clk 00:14:10]  [%emt 00:00:11]} 7. Be2 {
[%clk 00:14:13]  [%emt 00:00:21]} 7... Nc6 {[%clk 00:14:05]  [%emt 00:00:34]}
8. Ne5 {[%clk 00:13:25]  [%emt 00:00:28]} 8... Bxe2 {
[%clk 00:14:02]  [%emt 00:00:04]} 9. Nxc6 {[%clk 00:12:11]  [%emt 00:01:11]}
9... Bxd1 {[%clk 00:13:20]  [%emt 00:01:18]} 10. Nxd8 {[%clk 00:12:09]} 10...
Rxd8 {[%clk 00:13:18]} 11. Rxd1 {[%clk 00:11:59]  [%emt 00:00:04]} 11... e6 {
[%clk 00:13:02]  [%emt 00:00:04]} 12. a3 {[%clk 00:11:35]  [%emt 00:00:50]}
12... Rc8 {[%clk 00:12:37]  [%emt 00:00:09]} 13. Rd3 {
[%clk 00:10:52]  [%emt 00:00:36]} 13... b5 {[%clk 00:12:00]  [%emt 00:01:01]}
14. O-O {[%clk 00:08:46]  [%emt 00:02:05]} 14... Kd7 {[%clk 00:11:53]} 15. Be5
{[%clk 00:08:08]  [%emt 00:00:33]} 15... Ne8 {[%clk 00:10:35]  [%emt 00:01:17]}
16. Rc1 {[%clk 00:07:30]  [%emt 00:01:13]} 16... Nd6 {
[%clk 00:10:16]  [%emt 00:00:04]} 17. Bxd6 {[%clk 00:07:07]  [%emt 00:00:18]}
17... Bxd6 {[%clk 00:10:15]} 18. g3 {[%clk 00:06:21]  [%emt 00:00:50]} 18...
Rc4 {[%clk 00:09:55]  [%emt 00:00:15]} 19. Nd1 {
[%clk 00:05:34]  [%emt 00:00:56]} 19... Rhc8 {[%clk 00:09:47]  [%emt 00:00:07]}
20. Ne3 {[%clk 00:05:10]  [%emt 00:00:21]} 20... R4c6 {
[%clk 00:09:47]  [%emt 00:00:21]} 21. Kf1 {[%clk 00:03:41]  [%emt 00:01:12]}
21... f5 {[%clk 00:08:13]  [%emt 00:01:39]} 22. c3 {
[%clk 00:03:13]  [%emt 00:00:27]} 22... a5 {[%clk 00:08:08]  [%emt 00:00:40]}
23. Ra1 {[%clk 00:03:02]  [%emt 00:00:04]} 23... g5 {
[%clk 00:06:51]  [%emt 00:00:56]} 24. Ke2 {[%clk 00:02:36]  [%emt 00:00:30]}
24... h5 {[%clk 00:06:39]  [%emt 00:00:11]} 25. h3 {[%emt 00:00:33]} 25... Rh8
26. Kf3 Rcc8 27. Kg2 {[%clk 00:02:07]} 27... f4 {[%clk 00:06:00]} 28. Nc2 {
[%clk 00:02:07]} 28... g4 {[%clk 00:06:00]} 29. hxg4 {[%clk 00:02:07]} 29...
hxg4 {[%clk 00:06:00]} 30. Rh1 {[%clk 00:02:07]} 30... f3+ {
[%clk 00:03:02]  [%emt 00:05:35]} 31. Kg1 {[%clk 00:00:57]} 31... Rxh1+ {
[%clk 00:02:59]} 32. Kxh1 {[%clk 00:00:58]} 32... Ke7 {
[%clk 00:01:39]  [%emt 00:01:04]} 33. Ne3 {[%clk 00:00:46]  [%emt 00:00:12]}
33... Rg8 {[%clk 00:01:40]} 34. Kg1 {[%clk 00:00:45]  [%emt 00:00:36]} 34...
Kf6 {[%clk 00:01:40]} 35. Rd1 {[%clk 00:00:38]} 35... Bf8 {[%clk 00:01:34]} 36.
Ra1 {[%clk 00:00:30]  [%emt 00:00:28]} 36... Bh6 {[%clk 00:01:34]} 37. Nc2 {
[%clk 00:00:28]} 37... Rc8 {[%clk 00:01:32]} 38. Ne1 {[%clk 00:00:23]} 38...
Kf5 {[%clk 00:01:25]} 39. Kf1 {[%clk 00:00:18]  [%emt 00:00:11]} 39... b4 {
[%clk 00:01:14]  [%emt 00:00:12]} 40. axb4 {[%clk 00:00:16]} 40... axb4 {
[%clk 00:01:15]  [%emt 00:00:04]} 41. cxb4 {[%clk 00:00:16]} 41... Ke4 {
[%clk 00:00:43]  [%emt 00:00:44]} 42. Ra6 {[%clk 00:00:09]} 42... Kf5 {
[%clk 00:00:35]  [%emt 00:00:14]} 43. Ra1 {[%clk 00:00:03]} 43... Rb8 {
[%clk 00:00:32]  [%emt 00:00:06]} 44. Nd3 {[%clk 00:00:04]} 44... Ke4 {
[%clk 00:00:30]  [%emt 00:00:06]} 45. Nc5+ {[%clk 00:00:05]} 45... Kxd4 {
[%clk 00:00:30]  [%emt 00:00:03]} 46. Nxe6+ {[%clk 00:00:06]} 46... Ke5 {
[%clk 00:00:23]  [%emt 00:00:06]} 47. Re1+ {[%clk 00:00:08]} 47... Kf6 {
[%clk 00:00:24]  [%emt 00:00:04]} 48. Nd4 {[%clk 00:00:08]} 48... Rb6 {
[%clk 00:00:21]  [%emt 00:00:07]} 49. Nc2 {[%clk 00:00:08]} 49... Bd2 {
[%clk 00:00:20]  [%emt 00:00:18]} 50. Rd1 {[%clk 00:00:10]} 50... Bxb4 {
[%clk 00:00:20]} 51. Rxd5 {[%clk 00:00:11]} 51... Be7 {[%clk 00:00:17]} 52. b4
{[%clk 00:00:10]} 52... Bxb4 {[%clk 00:00:17]} 53. Nxb4 {[%clk 00:00:10]} 53...
Rxb4 {[%clk 00:00:18]  [%emt 00:00:24]} 54. Rd1 {[%clk 00:00:12]} 54... Rb2 {
[%clk 00:00:13]} 55. Re1 {[%clk 00:00:12]} 55... Kf5 {[%clk 00:00:14]} 56. Kg1
{[%clk 00:00:12]} 56... Re2 {[%clk 00:00:13]} 57. Rd1 {[%clk 00:00:13]} 57...
Ra2 {[%clk 00:00:12]  [%emt 00:00:09]} 58. Kf1 {[%clk 00:00:13]} 58... Ra5 {
[%clk 00:00:12]} 59. Kg1 {[%clk 00:00:14]} 59... Ra2 {[%clk 00:00:11]} 60. Re1
{[%clk 00:00:14]} 60... Ra5 {[%clk 00:00:11]  [%emt 00:00:18]} 61. Rc1 {
[%clk 00:00:15]} 61... Rb5 {[%clk 00:00:11]} 62. Rd1 {[%clk 00:00:17]} 62...
Ra5 {[%clk 00:00:12]} 63. Rc1 1/2-1/2